| 000 | 01292nam a2200337 a 4500 | ||
|---|---|---|---|
| 001 | 000022207 | ||
| 003 | DO-SdBNP | ||
| 005 | 20250307073710.0 | ||
| 007 | ta | ||
| 008 | 100920s1992 dr 000 e spa d | ||
| 040 |
_aDO-SdBNP _bspa _cBNPHU _erda |
||
| 041 | _hspa | ||
| 082 | 4 |
_aRD864.42 _bH519a, 1992 _222 |
|
| 100 | 1 | 0 |
_aHenríquez Ureña, Pedro, _d1884-1946 _91718 |
| 245 | 1 | 0 |
_aPedro Henríquez Ureña : _bantología / _cselección, prólogo y notas Max Henríquez Ureña. |
| 250 | _a3a. ed. | ||
| 264 | 4 |
_aSanto Domingo : _bTaller, _c1992. |
|
| 300 |
_a167 páginas ; _c21 cm. |
||
| 336 |
_atexto _btxt _2rdacontent |
||
| 337 |
_asin mediación _bn _2rdamedia |
||
| 338 |
_avolumen _bnc _2rdacarrier |
||
| 500 | _aA la cabeza del titulo: Feria Internacional del Libro 1992. Pedro Henríquez Ureña | ||
| 590 | _aInventariado, 2019/BT | ||
| 600 | 1 | 0 |
_aHenríquez Ureña, Pedro, _d1884-1946 _xEnsayos, conferencias, ect _91718 |
| 600 | 1 | 0 |
_aHenríquez Ureña, Pedro, _d1884-1946 _xCrítica e interpretación _91718 |
| 650 | 4 |
_aLiteratura dominicana _xHistoria y crítica _9159 |
|
| 650 | 4 |
_aLiteratura dominicana _vEnsayos, conferencias, ect _934502 |
|
| 700 | 1 |
_aHenríquez Ureña, Max, _d1885-1968 _92621 |
|
| 910 | _aValidado. Control de calidad MFF | ||
| 942 |
_2ddc _cLBS1 |
||
| 999 |
_c21705 _d21705 |
||